| 000 | 00405cam a2200169ua 4500 | ||
|---|---|---|---|
| 001 | 9912 | ||
| 008 | 120324n1992 II |||gr||||Z||||||eng | ||
| 040 | _aMAIN | ||
| 041 | _aEnglish | ||
| 082 | _a333.609 54 MIS | ||
| 100 | _aMISHRA, R. P. | ||
| 245 | _aREGIONAL PLANNING | ||
| 260 |
_aNEW DELHI _bCONCEPT PUBLISHING COOPERATION _c1992 |
||
| 300 | _a895. | ||
| 653 | _aRegional Planning India | ||
| 942 | _cBK | ||
| 999 |
_c9883 _d9883 |
||